000 00726nam a2200181Ia 4500
008 090124s9999 xx 000 0 und d
082 _b29088
100 _aटिपणीस गोविंद गोपाळ
245 _a कौटिलीय अर्थशास्त्र-प्रदीप
250 _a2
260 _bवरदा बुक्स
_c1990
300 _a207
600 _aटिपणीस गोविंद गोपाळ
630 _a कौटिलीय अर्थशास्त्र-प्रदीप
700 _aटिपणीस गोविंद गोपाळ
730 _a कौटिलीय अर्थशास्त्र-प्रदीप
942 _cBOOK
999 _c94799
_d94799